| 000 | 00602nam a2200193 a 4500 | ||
|---|---|---|---|
| 003 | PILC | ||
| 005 | 20150112093443.0 | ||
| 008 | 100727s19uu xx 00 eng d | ||
| 020 | _a971922360X | ||
| 050 |
_aN 7327 _b.K39 2000 |
||
| 082 |
_aSFf 709.2 _bK18 2000 |
||
| 100 |
_aPeso Book Foundation _920738 |
||
| 245 |
_aKayumangi : _bBiographies of Philippine visual artists / |
||
| 260 |
_aQuezon City, Philippines : _bPeso Book Foundation, _c2000. |
||
| 300 |
_a135 pages : _bcolored illustration ; _c28 cm. |
||
| 440 |
_aArt Series _920739 |
||
| 650 |
_aBiographies - artist _920740 |
||
| 942 |
_2lcc _cBK |
||
| 999 |
_c14805 _d14805 |
||